[Event "WLS-ch"]
[Site "Ogmore-by-Sea"]
[Date "1992.04.17"]
[Round "1"]
[White "Campbell, J"]
[Black "Gilbert, Jonathan A"]
[Result "1/2-1/2"]
[WhiteElo "1840"]
[BlackElo "2060"]
[PlyCount "41"]
[EventDate "1992.04.17"]
[EventType "swiss"]
[EventRounds "7"]
[EventCountry "WLS"]
[SourceTitle "BritBase"]
[Source "John Saunders"]
[SourceDate "2024.03.28"]
[SourceVersion "1"]
[SourceVersionDate "2024.03.28"]
[SourceQuality "1"]

1. e4 c6 2. d4 d5 3. exd5 cxd5 4. Bd3 Nc6 5. c3 g6 6. Nf3 Bg7 7. Bf4 Nh6 8. Qd2
Nf5 9. Na3 a6 10. Nc2 O-O 11. Ne3 Nxe3 12. Bxe3 f6 13. h4 e5 14. dxe5 fxe5 15.
Bc2 d4 16. cxd4 exd4 17. Bh6 Qe7+ 18. Kf1 Be6 19. Bxg7 Qxg7 20. Ng5 Bc4+ 21.
Bd3 1/2-1/2

[Event "WLS-ch"]
[Site "Ogmore-by-Sea"]
[Date "1992.04.17"]
[Round "1"]
[White "Cooper, John Grantley"]
[Black "Sheehan, Anthony"]
[Result "1-0"]
[WhiteElo "2360"]
[BlackElo "2010"]
[PlyCount "43"]
[EventDate "1992.04.17"]
[EventType "swiss"]
[EventRounds "7"]
[EventCountry "WLS"]
[SourceTitle "BritBase"]
[Source "John Saunders"]
[SourceDate "2024.03.28"]
[SourceVersion "1"]
[SourceVersionDate "2024.03.28"]
[SourceQuality "1"]

1. d4 d5 2. c4 dxc4 3. Nf3 Nf6 4. e3 e6 5. Bxc4 c5 6. O-O Be7 (6... a6 7. Qe2
b5) 7. Qe2 a6 8. a4 O-O 9. Nc3 Nc6 10. Rd1 Qc7 11. h3 (11. b3 Rd8 12. Bb2 Nb4
13. dxc5 Bd7 14. e4 Bc6 15. Rd6 $5 (15. Nd4 $10) 15... Nd7 16. Nd5 $6 exd5 17.
exd5 Bxd6 18. cxd6 Qxd6 19. dxc6 bxc6 $15 {Benjamin-Dlugy, US-ch 1986}) 11...
b6 (11... cxd4 12. exd4 b6 13. d5 exd5 14. Nxd5 Nxd5 15. Bxd5 Bb7) 12. d5 exd5
13. Bxd5 Bb7 14. e4 Rad8 15. Bg5 Nd4 16. Nxd4 cxd4 17. Bxb7 Qxb7 18. Bxf6 Bxf6
19. Nd5 Rfe8 20. Qf3 Re6 21. Rac1 Rc8 $4 22. e5 {Source: Knight Moves (Welsh
Chess Magazine), Vol.1/2, May 1992, p8} 1-0

[Event "WLS-ch"]
[Site "Ogmore-by-Sea"]
[Date "1992.04.17"]
[Round "1"]
[White "Cordy, Steven"]
[Black "Richmond Garwell, Jane"]
[Result "0-1"]
[WhiteElo "1995"]
[BlackElo "2125"]
[PlyCount "26"]
[EventDate "1992.04.17"]
[EventType "swiss"]
[EventRounds "7"]
[EventCountry "WLS"]
[SourceTitle "BritBase"]
[Source "John Saunders"]
[SourceDate "2024.03.28"]
[SourceVersion "1"]
[SourceVersionDate "2024.03.28"]
[SourceQuality "1"]

1. e4 e6 2. d4 d5 3. Nc3 Bb4 4. Nge2 Nf6 5. Bg5 dxe4 6. a3 Be7 7. Ng3 Nc6 8.
Be3 $2 (8. Bb5) 8... O-O 9. Bc4 $2 Nd5 10. Ngxe4 $4 f5 11. Nc5 Nxe3 12. fxe3 (
12. Nxe6 Qd6 13. Nb5 Nxd1 14. Nxf8+ Kxf8 15. Nxd6 Nxb2 16. Nxc8 Nxc4 17. Nxe7
Nxe7 $19) 12... Bxc5 13. dxc5 Qh4+ 0-1

[Event "WLS-ch"]
[Site "Ogmore-by-Sea"]
[Date "1992.04.17"]
[Round "1"]
[White "Dawson, Gary B"]
[Black "May, Adam John"]
[Result "1-0"]
[WhiteElo "2010"]
[BlackElo "1840"]
[PlyCount "82"]
[EventDate "1992.04.17"]
[EventType "swiss"]
[EventRounds "7"]
[EventCountry "WLS"]
[SourceTitle "BritBase"]
[Source "John Saunders"]
[SourceDate "2024.03.28"]
[SourceVersion "1"]
[SourceVersionDate "2024.03.28"]
[SourceQuality "1"]

1. d4 Nf6 2. c4 g6 3. Nc3 Bg7 4. e4 d6 5. Nf3 O-O 6. Be2 e5 7. O-O Nc6 8. d5
Ne7 9. Ne1 Nd7 10. Nd3 f5 11. f3 f4 12. c5 h5 13. Bd2 Nf6 14. Rc1 Kh8 15. cxd6
cxd6 16. Nb5 Ne8 17. a4 Ng8 18. Nf2 Rf7 19. Qb3 Bf8 20. Rc2 Rg7 21. Rfc1 b6 22.
Qa3 g5 23. h3 Nh6 24. a5 g4 25. fxg4 hxg4 26. hxg4 a6 27. axb6 Nxg4 28. Rxc8
Rxc8 29. Rxc8 Qxc8 30. Bxg4 Qb7 31. Nc7 Nxc7 32. bxc7 Rxc7 33. Bf5 Bg7 34. Qh3+
Kg8 35. Be6+ Kf8 36. Qf5+ Ke8 37. Qg6+ Kf8 38. Qh7 Ke8 39. Qg8+ Bf8 40. Ng4
Qb6+ 41. Kh1 Rg7 1-0

[Event "WLS-ch"]
[Site "Ogmore-by-Sea"]
[Date "1992.04.17"]
[Round "1"]
[White "Evans, Carl"]
[Black "Evans, David K"]
[Result "1-0"]
[WhiteElo "1830"]
[BlackElo "2050"]
[PlyCount "53"]
[EventDate "1992.04.17"]
[EventType "swiss"]
[EventRounds "7"]
[EventCountry "WLS"]
[SourceTitle "BritBase"]
[Source "John Saunders"]
[SourceDate "2024.03.28"]
[SourceVersion "1"]
[SourceVersionDate "2024.03.28"]
[SourceQuality "1"]

1. g3 Nf6 2. Bg2 d6 3. d3 e5 4. Nd2 c6 5. c3 g6 6. e4 Bg7 7. Ne2 O-O 8. Nc4 Qc7
9. Ne3 Nbd7 10. O-O b6 11. Qc2 Bb7 12. f4 exf4 13. gxf4 Rae8 14. Ng3 h5 15. Bd2
Ba6 16. Rae1 Nc5 17. c4 Ne6 18. Bc3 Bc8 19. e5 dxe5 20. fxe5 Ng4 21. Nxg4 hxg4
22. Ne4 Qe7 23. Qf2 g5 24. Nf6+ Bxf6 25. exf6 Qc5 26. d4 Qxc4 27. Qf5 1-0

[Event "WLS-ch"]
[Site "Ogmore-by-Sea"]
[Date "1992.04.17"]
[Round "1"]
[White "Green, Karl"]
[Black "Burkett, P"]
[Result "1-0"]
[WhiteElo "1780"]
[BlackElo "1995"]
[PlyCount "69"]
[EventDate "1992.04.17"]
[EventType "swiss"]
[EventRounds "7"]
[EventCountry "WLS"]
[SourceTitle "BritBase"]
[Source "John Saunders"]
[SourceDate "2024.03.28"]
[SourceVersion "1"]
[SourceVersionDate "2024.03.28"]
[SourceQuality "1"]

1. d4 c5 2. d5 Nf6 3. c4 b5 4. b3 e6 5. dxe6 fxe6 6. cxb5 d5 7. Bd2 Bd6 8. Nc3
d4 9. Na4 O-O 10. e3 Ne4 11. Nf3 Qf6 12. Be2 Nxd2 13. Kxd2 dxe3+ 14. fxe3 Rd8
15. Bd3 Bb7 16. Nc3 Nd7 17. Rf1 Nb6 18. Kc2 Qh6 19. Qe2 Rac8 20. Nd2 Be5 21.
Nc4 Bxc3 22. Nxb6 axb6 23. Kxc3 Qg5 24. Rad1 Qe5+ 25. Kc2 c4 26. bxc4 Qxb5 27.
Qg4 Qe5 28. Bxh7+ Kxh7 29. Qh4+ Kg6 30. Rxd8 Be4+ 31. Kb3 Rxd8 32. Qxd8 Bxg2
33. Qd3+ Kh6 34. Rf4 g5 35. Qd4 1-0

[Event "WLS-ch"]
[Site "Ogmore-by-Sea"]
[Date "1992.04.17"]
[Round "1"]
[White "Hannon, Mark"]
[Black "Fletcher, John"]
[Result "1/2-1/2"]
[WhiteElo "2050"]
[BlackElo "1885"]
[PlyCount "83"]
[EventDate "1992.04.17"]
[EventType "swiss"]
[EventRounds "7"]
[EventCountry "WLS"]
[SourceTitle "BritBase"]
[Source "John Saunders"]
[SourceDate "2024.03.28"]
[SourceVersion "1"]
[SourceVersionDate "2024.03.28"]
[SourceQuality "1"]

1. d4 Nf6 2. c4 e6 3. Nc3 d5 4. cxd5 exd5 5. Bg5 Nbd7 6. e3 Bb4 7. Bd3 c5 8.
Nge2 Qa5 9. O-O c4 10. Bf5 O-O 11. Qc2 Bd6 12. Nf4 h6 13. Bxf6 Nxf6 14. Bxc8
Bxf4 15. Bxb7 Bxh2+ 16. Kxh2 Qc7+ 17. Kg1 Qxb7 18. Rab1 Qd7 19. b4 Rfe8 20.
Rfe1 Ne4 21. f3 Nxc3 22. Qxc3 Re6 23. e4 Rae8 24. e5 Rb8 25. f4 Reb6 26. Rf1
Qa4 27. a3 a5 28. Qf3 axb4 29. axb4 Rxb4 30. Rxb4 Qxb4 31. Qxd5 c3 32. f5 c2
33. e6 Qb1 34. Qc4 fxe6 35. fxe6 Qxf1+ 36. Kxf1 Rb1+ 37. Kf2 c1=Q 38. e7+ Qxc4
39. e8=Q+ Kh7 40. Qe4+ Kh8 41. Qxb1 Qxd4+ 42. Kf3 1/2-1/2

[Event "WLS-ch"]
[Site "Ogmore-by-Sea"]
[Date "1992.04.17"]
[Round "1"]
[White "Miles, Richard J"]
[Black "Morris, Gareth"]
[Result "1-0"]
[WhiteElo "2100"]
[BlackElo "1975"]
[PlyCount "63"]
[EventDate "1992.04.17"]
[EventType "swiss"]
[EventRounds "7"]
[EventCountry "WLS"]
[SourceTitle "BritBase"]
[Source "John Saunders"]
[SourceDate "2024.03.28"]
[SourceVersion "1"]
[SourceVersionDate "2024.03.28"]
[SourceQuality "1"]

1. c4 e5 2. Nc3 d6 3. d4 Nd7 4. Nf3 g6 5. g3 Bg7 6. Bg2 Ne7 7. O-O O-O 8. e4 h6
9. Be3 c6 10. Qd2 Kh7 11. Rad1 f5 12. dxe5 dxe5 13. Bc5 Qe8 14. Bd6 b6 15. exf5
gxf5 16. Na4 Rf6 17. Rfe1 Qf7 18. Bxe5 Nxe5 19. Rxe5 Re6 20. Rxe6 Bxe6 21. b3
Bf6 22. Nc3 Ng6 23. Qc2 Qg7 24. Ne2 Re8 25. Nfd4 Bd7 26. Kf1 Qe7 27. Nxc6 Qg7
28. Ncd4 Kh8 29. Nxf5 Rxe2 30. Kxe2 Nf4+ 31. Kf1 Qh7 32. Rxd7 1-0

[Event "WLS-ch"]
[Site "Ogmore-by-Sea"]
[Date "1992.04.17"]
[Round "1"]
[White "Morton, Robert"]
[Black "O'Neill, Paul A"]
[Result "0-1"]
[WhiteElo "1905"]
[BlackElo "2180"]
[PlyCount "60"]
[EventDate "1992.04.17"]
[EventType "swiss"]
[EventRounds "7"]
[EventCountry "WLS"]
[SourceTitle "BritBase"]
[Source "John Saunders"]
[SourceDate "2024.03.28"]
[SourceVersion "1"]
[SourceVersionDate "2024.03.28"]
[SourceQuality "1"]

1. e4 c5 2. c3 Nf6 3. e5 Nd5 4. d4 cxd4 5. cxd4 d6 6. Nf3 Nc6 7. Be2 Bf5 8. O-O
e6 9. Bg5 Be7 10. Bxe7 Qxe7 11. Nbd2 O-O 12. Nc4 dxe5 13. dxe5 Rfd8 14. Nd6 Bg6
15. Qb3 Nxe5 16. Nxe5 Rxd6 17. Nxg6 hxg6 18. Bf3 Rad8 19. Rfd1 b6 20. Rac1 Qg5
21. Rc4 Nf4 22. Rxd6 Rxd6 23. g3 Nd3 24. Qa4 Rd8 25. Qxa7 Nxb2 26. Rc7 Qf6 27.
Kg2 Nd3 28. Bc6 Qxf2+ 29. Kh3 Qf1+ 30. Kh4 Rd4+ 0-1

[Event "WLS-ch"]
[Site "Ogmore-by-Sea"]
[Date "1992.04.17"]
[Round "1"]
[White "Rayner, Francis"]
[Black "Evans, John S"]
[Result "1-0"]
[WhiteElo "2225"]
[BlackElo "2000"]
[PlyCount "39"]
[EventDate "1992.04.17"]
[EventType "swiss"]
[EventRounds "7"]
[EventCountry "WLS"]
[SourceTitle "BritBase"]
[Source "John Saunders"]
[SourceDate "2024.03.28"]
[SourceVersion "1"]
[SourceVersionDate "2024.03.28"]
[SourceQuality "1"]

1. e4 e6 2. d4 d5 3. Nc3 Bb4 4. e5 c5 5. a3 Ba5 6. b4 cxb4 7. Nb5 bxa3+ 8. c3
Ne7 9. Nd6+ Kd7 10. Rxa3 Rf8 11. Qg4 Bc7 12. Nf3 Ng6 13. h4 Bxd6 14. exd6 h5
15. Qxh5 Qf6 16. Qg4 Kxd6 17. h5 Ne7 18. Bd3 g6 19. Bf4+ Kd7 20. Be5 1-0

[Event "WLS-ch"]
[Site "Ogmore-by-Sea"]
[Date "1992.04.17"]
[Round "1"]
[White "Rees, Gwynfor"]
[Black "Rice, John P"]
[Result "1/2-1/2"]
[WhiteElo "2010"]
[BlackElo "1810"]
[PlyCount "48"]
[EventDate "1992.04.17"]
[EventType "swiss"]
[EventRounds "7"]
[EventCountry "WLS"]
[SourceTitle "BritBase"]
[Source "John Saunders"]
[SourceDate "2024.03.28"]
[SourceVersion "1"]
[SourceVersionDate "2024.03.28"]
[SourceQuality "1"]

1. d4 f5 2. c4 e6 3. Nc3 Bb4 4. g3 Bxc3+ 5. bxc3 Nf6 6. Bg2 c6 7. Nf3 d6 8. O-O
Nbd7 9. Nd2 O-O 10. a4 Rb8 11. a5 Rf7 12. Qc2 d5 13. Ba3 Nf8 14. Rfb1 Ng6 15.
cxd5 exd5 16. e3 Ne4 17. Nb3 h5 18. f3 Nd6 19. Bxd6 Qxd6 20. f4 Nf8 21. Nc5 Ne6
22. Nd3 Nf8 23. Ne5 Re7 24. Bf3 g6 1/2-1/2

[Event "WLS-ch"]
[Site "Ogmore-by-Sea"]
[Date "1992.04.17"]
[Round "1"]
[White "Richmond, Peter Allan"]
[Black "Williams, Leighton"]
[Result "1-0"]
[WhiteElo "2220"]
[BlackElo "1900"]
[PlyCount "84"]
[EventDate "1992.04.17"]
[EventType "swiss"]
[EventRounds "7"]
[EventCountry "WLS"]
[SourceTitle "BritBase"]
[Source "John Saunders"]
[SourceDate "2024.03.28"]
[SourceVersion "1"]
[SourceVersionDate "2024.03.28"]
[SourceQuality "1"]

1. e4 c5 2. Nf3 Nc6 3. d4 cxd4 4. Nxd4 Nf6 5. Nc3 e5 6. Ndb5 d6 7. Bg5 a6 8.
Na3 b5 9. Bxf6 gxf6 10. Nd5 Be6 11. c3 Bg7 12. Nc2 Bxd5 13. exd5 Ne7 14. a4 Rb8
15. axb5 axb5 16. Be2 f5 17. Nb4 O-O 18. Qb3 Ra8 19. O-O Rxa1 20. Rxa1 Ng6 21.
Bxb5 Qg5 22. Bf1 e4 23. Nc6 h5 24. Qc2 h4 25. Kh1 Ne5 26. Nxe5 Bxe5 27. Re1 Qf4
28. g3 Qf3+ 29. Bg2 Qh5 30. Qe2 Qh6 31. Qe3 Qxe3 32. Rxe3 Rb8 33. b4 Rb5 34.
Bh3 Rxd5 35. Kg2 hxg3 36. hxg3 Bf6 37. c4 Rd4 38. Bxf5 Rxc4 39. Rxe4 Rxe4 40.
Bxe4 Bd4 41. f4 Kg7 42. Kf3 Kf6 1-0

[Event "WLS-ch"]
[Site "Ogmore-by-Sea"]
[Date "1992.04.17"]
[Round "1"]
[White "Rizvi, Nasir"]
[Black "Morris, Charles F"]
[Result "0-1"]
[WhiteElo "1990"]
[BlackElo "2220"]
[PlyCount "58"]
[EventDate "1992.04.17"]
[EventType "swiss"]
[EventRounds "7"]
[EventCountry "WLS"]
[SourceTitle "BritBase"]
[Source "John Saunders"]
[SourceDate "2024.03.28"]
[SourceVersion "1"]
[SourceVersionDate "2024.03.28"]
[SourceQuality "1"]

1. e4 e6 2. d4 d5 3. Nc3 Bb4 4. e5 Ne7 5. a3 Bxc3+ 6. bxc3 c5 7. Nf3 Qa5 8. Qd2
Nbc6 9. Bd3 Bd7 10. O-O c4 11. Be2 f6 12. exf6 gxf6 13. a4 O-O-O 14. Ba3 Nf5
15. Rfb1 Rdg8 16. Ra2 Nd8 17. Bb4 Qc7 18. a5 h5 19. Bc5 Kb8 20. Qc1 Bc6 21. Qa3
Nf7 22. Rab2 N5d6 23. Bf1 Qd7 24. Qb4 Nb5 25. Qa4 a6 26. Qb4 Qc7 27. Re1 Qf4
28. Kh1 Rg6 29. Rxe6 Rhg8 0-1

[Event "WLS-ch"]
[Site "Ogmore-by-Sea"]
[Date "1992.04.17"]
[Round "1"]
[White "Smith, David"]
[Black "Bevan, Peter M"]
[Result "1/2-1/2"]
[WhiteElo "1905"]
[BlackElo "2050"]
[PlyCount "55"]
[EventDate "1992.04.17"]
[EventType "swiss"]
[EventRounds "7"]
[EventCountry "WLS"]
[SourceTitle "BritBase"]
[Source "John Saunders"]
[SourceDate "2024.03.28"]
[SourceVersion "1"]
[SourceVersionDate "2024.03.28"]
[SourceQuality "1"]

1. Nf3 f5 2. d4 Nf6 3. g3 g6 4. Bg2 Bg7 5. c4 O-O 6. b3 c5 7. Bb2 cxd4 8. O-O
d5 9. cxd5 Nxd5 10. Bxd4 Nc6 11. Bxg7 Kxg7 12. Ng5 e6 13. e4 Ndb4 14. Qxd8 Rxd8
15. Nc3 h6 16. Nf3 Bd7 17. Rfd1 Be8 18. Ne1 Rxd1 19. Rxd1 Rd8 20. Rxd8 Nxd8 21.
e5 g5 22. f4 a6 23. Kf2 Kf7 24. Ke3 Ke7 25. a3 Nbc6 26. b4 Kd7 27. Nf3 g4 28.
Nd2 1/2-1/2

[Event "WLS-ch"]
[Site "Ogmore-by-Sea"]
[Date "1992.04.17"]
[Round "1"]
[White "Smith, Jeff R"]
[Black "Evans, Deborah M"]
[Result "1/2-1/2"]
[WhiteElo "2165"]
[BlackElo "1960"]
[PlyCount "120"]
[EventDate "1992.04.17"]
[EventType "swiss"]
[EventRounds "7"]
[EventCountry "WLS"]
[SourceTitle "BritBase"]
[Source "John Saunders"]
[SourceDate "2024.03.28"]
[SourceVersion "1"]
[SourceVersionDate "2024.03.28"]
[SourceQuality "1"]

1. c4 e5 2. Nc3 Nf6 3. g3 d5 4. cxd5 Nxd5 5. Bg2 Nb6 6. Nf3 Nc6 7. O-O Be7 8.
d3 O-O 9. Be3 Be6 10. Ne4 Bd5 11. Nc3 Be6 12. a3 a5 13. Rc1 f5 14. Na4 Nxa4 15.
Qxa4 Bf6 16. Nd2 Bd5 17. Bxd5+ Qxd5 18. Rc5 Qe6 19. Qc4 Rae8 20. Nb3 Nd4 21.
Bxd4 Qxc4 22. Rxc4 exd4 23. Re1 Re5 24. Nxd4 Rfe8 25. b4 Rd5 26. Nc2 c6 27. Kf1
axb4 28. axb4 g6 29. Rd1 Ra8 30. d4 Rad8 31. e3 Ra8 32. Ra1 Rxa1+ 33. Nxa1 Kf7
34. Nb3 Ke7 35. Nc5 b6 36. Nd3 Kd6 37. Ke2 Rb5 38. Kd2 g5 39. Kc3 Rd5 40. Kb3
Kc7 41. Rc1 Kb7 42. h4 gxh4 43. gxh4 Rd7 44. h5 Rg7 45. Rh1 Rg2 46. Kc4 b5+ 47.
Kc3 Kb6 48. Rh3 Kc7 49. Rf3 Rg5 50. Nf4 Kd6 51. Rg3 Rg7 52. Rxg7 Bxg7 53. Kd3
Bh6 54. Ne2 Ke6 55. f3 Kf6 56. e4 Bf8 57. Kc3 Kg5 58. d5 cxd5 59. exd5 Kxh5 60.
Nd4 Kg6 1/2-1/2

[Event "WLS-ch"]
[Site "Ogmore-by-Sea"]
[Date "1992.04.17"]
[Round "1"]
[White "Smith, NJ"]
[Black "Fish, Andrew"]
[Result "1/2-1/2"]
[WhiteElo "1780"]
[BlackElo "2030"]
[PlyCount "50"]
[EventDate "1992.04.17"]
[EventType "swiss"]
[EventRounds "7"]
[EventCountry "WLS"]
[SourceTitle "BritBase"]
[Source "John Saunders"]
[SourceDate "2024.03.28"]
[SourceVersion "1"]
[SourceVersionDate "2024.03.28"]
[SourceQuality "1"]

1. Nf3 Nf6 2. c4 c5 3. g3 Nc6 4. Bg2 g6 5. Nc3 Bg7 6. Rb1 d6 7. d3 O-O 8. a3
Bg4 9. h3 Bd7 10. O-O Qc8 11. Kh2 Rb8 12. Bd2 Nd4 13. Nxd4 cxd4 14. Nb5 Bxb5
15. cxb5 Qd7 16. Qb3 Rfc8 17. Rbc1 Rc5 18. Rxc5 dxc5 19. Bf4 Rc8 20. Bf3 e6 21.
Rc1 Nd5 22. Bd2 h5 23. h4 Be5 24. Kg2 Kg7 25. a4 Bf6 1/2-1/2

[Event "WLS-ch"]
[Site "Ogmore-by-Sea"]
[Date "1992.04.17"]
[Round "1"]
[White "Sullivan, Jason D"]
[Black "James, David J"]
[Result "0-1"]
[WhiteElo "2090"]
[BlackElo "2225"]
[PlyCount "52"]
[EventDate "1992.04.17"]
[EventType "swiss"]
[EventRounds "7"]
[EventCountry "WLS"]
[SourceTitle "BritBase"]
[Source "John Saunders"]
[SourceDate "2024.03.28"]
[SourceVersion "1"]
[SourceVersionDate "2024.03.28"]
[SourceQuality "1"]

1. e4 c5 2. Nf3 d6 3. d4 cxd4 4. Nxd4 Nf6 5. Nc3 a6 6. Be3 e5 7. Nde2 Be7 8. f3
Be6 9. g4 h6 10. g5 hxg5 11. Bxg5 Nbd7 12. Qd2 d5 13. exd5 Nxd5 14. Bxe7 Nxe7
15. Ne4 Nf5 16. O-O-O Qb6 17. Kb1 O-O-O 18. Qc3+ Kb8 19. b3 f6 20. Rd3 Rc8 21.
Qd2 Nc5 22. Nxc5 Qxc5 23. Nc3 Nd4 24. Kb2 Bf5 25. f4 Bxd3 26. Bxd3 Nf3 0-1

[Event "WLS-ch"]
[Site "Ogmore-by-Sea"]
[Date "1992.04.17"]
[Round "1"]
[White "Summers, Charles B"]
[Black "Perrett, David C"]
[Result "0-1"]
[WhiteElo "1950"]
[BlackElo "2085"]
[PlyCount "80"]
[EventDate "1992.04.17"]
[EventType "swiss"]
[EventRounds "7"]
[EventCountry "WLS"]
[SourceTitle "BritBase"]
[Source "John Saunders"]
[SourceDate "2024.03.28"]
[SourceVersion "1"]
[SourceVersionDate "2024.03.28"]
[SourceQuality "1"]

1. e4 g6 2. d4 Bg7 3. f4 d6 4. c3 Nf6 5. Bd3 e5 6. Nf3 exd4 7. cxd4 O-O 8. O-O
d5 9. e5 Ng4 10. f5 f6 11. Nh4 fxe5 12. Qxg4 e4 13. Be2 Bxd4+ 14. Kh1 Bf6 15.
Nxg6 hxg6 16. Qxg6+ Bg7 17. Bh6 Qf6 18. Qxg7+ Qxg7 19. Bxg7 Kxg7 20. Nc3 c6 21.
g4 Kf6 22. Rf4 Kg5 23. Raf1 Rh8 24. f6 Be6 25. Kg2 Nd7 26. Nd1 Raf8 27. f7 Rh7
28. Kg3 Rhxf7 29. h4+ Kg6 30. Ne3 Rxf4 31. Rxf4 Rxf4 32. Kxf4 d4 33. h5+ Kf7
34. Ng2 d3 35. Bd1 Bxa2 36. Ne3 Nc5 37. Nf5 Bd5 38. g5 Ne6+ 39. Kg4 b5 40. h6
Kg6 0-1

[Event "WLS-ch"]
[Site "Ogmore-by-Sea"]
[Date "1992.04.17"]
[Round "1"]
[White "Thornton, John D"]
[Black "Bennett, Roger BA"]
[Result "1-0"]
[WhiteElo "2080"]
[BlackElo "1905"]
[PlyCount "113"]
[EventDate "1992.04.17"]
[EventType "swiss"]
[EventRounds "7"]
[EventCountry "WLS"]
[SourceTitle "BritBase"]
[Source "John Saunders"]
[SourceDate "2024.03.28"]
[SourceVersion "1"]
[SourceVersionDate "2024.03.28"]
[SourceQuality "1"]

1. e4 e5 2. Nf3 Nc6 3. Bb5 a6 4. Bxc6 dxc6 5. O-O Bd6 6. d4 exd4 7. Qxd4 f6 8.
Re1 Ne7 9. Nbd2 Be6 10. Nb3 b6 11. Be3 c5 12. Qd2 O-O 13. Bf4 Bxb3 14. axb3
Bxf4 15. Qxf4 Qd6 16. Qxd6 cxd6 17. Rad1 Rfd8 18. Rd2 Kf7 19. Red1 Ke6 20. Nh4
g6 21. f4 d5 22. f5+ gxf5 23. exf5+ Kf7 24. c3 Rd6 25. Kf2 Rad8 26. g4 Nc6 27.
Nf3 Na5 28. b4 cxb4 29. cxb4 Nc6 30. b5 axb5 31. Nd4 Nxd4 32. Rxd4 Rc8 33. Rxd5
Rc2+ 34. Kg3 Rxd5 35. Rxd5 Rxb2 36. Rd7+ Kg8 37. Rd6 Rb3+ 38. Kf4 Rb4+ 39. Kg3
Rb3+ 40. Kf4 Rb4+ 41. Kf3 Rb3+ 42. Kg2 Rb2+ 43. Kh3 Kg7 44. Rxb6 Kf7 45. Rb7+
Kg8 46. Kg3 Rb3+ 47. Kh4 Rb2 48. Rb8+ Kg7 49. Rb7+ Kg8 50. h3 Rb3 51. Rb6 Kg7
52. Rb8 Kf7 53. Rh8 Kg7 54. Rd8 Kf7 55. Rd7+ Kg8 56. Rb7 h6 57. Kh5 1-0

[Event "WLS-ch"]
[Site "Ogmore-by-Sea"]
[Date "1992.04.18"]
[Round "2"]
[White "Bennett, Roger BA"]
[Black "Adams, Mark A"]
[Result "0-1"]
[WhiteElo "1905"]
[BlackElo "2040"]
[PlyCount "58"]
[EventDate "1992.04.17"]
[EventType "swiss"]
[EventRounds "7"]
[EventCountry "WLS"]
[SourceTitle "BritBase"]
[Source "John Saunders"]
[SourceDate "2024.03.28"]
[SourceVersion "1"]
[SourceVersionDate "2024.03.28"]
[SourceQuality "1"]

1. e4 c6 2. b3 d6 3. Bb2 e5 4. Bc4 Nf6 5. Qe2 b5 6. Bd3 Bb7 7. Nf3 Nbd7 8. c3
g6 9. O-O Bg7 10. Re1 O-O 11. Bc2 Qc7 12. d4 Rfe8 13. Nbd2 a6 14. Rad1 Nh5 15.
g3 Rad8 16. Qe3 Bc8 17. h3 Ndf6 18. Kg2 Qd7 19. Rh1 Qc7 20. Rhe1 exd4 21. cxd4
Nd5 22. Qg5 h6 23. Qxd8 Nhf4+ 24. gxf4 Nxf4+ 25. Kg3 Nh5+ 26. Kh2 Qxd8 27. h4
Qd7 28. Ng1 Qg4 29. Ndf3 Nf4 0-1

[Event "WLS-ch"]
[Site "Ogmore-by-Sea"]
[Date "1992.04.18"]
[Round "2"]
[White "Bevan, Peter M"]
[Black "Smith, NJ"]
[Result "1-0"]
[WhiteElo "2050"]
[BlackElo "1780"]
[PlyCount "71"]
[EventDate "1992.04.17"]
[EventType "swiss"]
[EventRounds "7"]
[EventCountry "WLS"]
[SourceTitle "BritBase"]
[Source "John Saunders"]
[SourceDate "2024.03.28"]
[SourceVersion "1"]
[SourceVersionDate "2024.03.28"]
[SourceQuality "1"]

1. d4 d5 2. Nf3 Nf6 3. e3 c5 4. Nbd2 Nbd7 5. b3 Qc7 6. Bb2 b6 7. Bd3 Bb7 8. O-O
g6 9. c4 Bg7 10. Rc1 Qd8 11. cxd5 Nxd5 12. e4 Nb4 13. Bb1 cxd4 14. Bxd4 Bxd4
15. Nxd4 Nc5 16. N4f3 O-O 17. Qe2 Nc6 18. Rfd1 e5 19. Nc4 Qe7 20. Ne3 f6 21.
Nd5 Qg7 22. b4 Ne6 23. Qc4 Qf7 24. a3 Kg7 25. Ba2 Ncd4 26. Nxd4 Nxd4 27. Qd3
Rac8 28. f4 Qd7 29. h3 Bc6 30. Bc4 Bb5 31. fxe5 fxe5 32. Qg3 Rxc4 33. Qxe5+ Kg8
34. Rxc4 Ne2+ 35. Kh2 Qf7 36. Rc7 {Time} 1-0

[Event "WLS-ch"]
[Site "Ogmore-by-Sea"]
[Date "1992.04.18"]
[Round "2"]
[White "Evans, David K"]
[Black "Cordy, Steven"]
[Result "1/2-1/2"]
[WhiteElo "2050"]
[BlackElo "1995"]
[PlyCount "82"]
[EventDate "1992.04.17"]
[EventType "swiss"]
[EventRounds "7"]
[EventCountry "WLS"]
[SourceTitle "BritBase"]
[Source "John Saunders"]
[SourceDate "2024.03.28"]
[SourceVersion "1"]
[SourceVersionDate "2024.03.28"]
[SourceQuality "1"]

1. e4 c5 2. Nc3 Nc6 3. f4 d6 4. Bc4 g6 5. Nf3 Bg7 6. O-O e6 7. f5 exf5 8. d3
Nge7 9. Qe1 Ne5 10. Nxe5 Bxe5 11. Qh4 h6 12. exf5 Bxf5 13. Kh1 Nc6 14. Qf2 h5
15. Nd5 O-O 16. c3 Na5 17. Bh6 Re8 18. Bb5 Nc6 19. Rae1 Kh7 20. Bc1 a6 21. Ba4
Be6 22. Nf4 Rf8 23. Qe3 Ne7 24. Nxe6 fxe6 25. Qh6+ Kg8 26. Bb3 d5 27. Qe3 Rxf1+
28. Rxf1 Qd6 29. Re1 Rf8 30. g3 Rf5 31. d4 cxd4 32. cxd4 Bf6 33. Bc2 Bg5 34.
Qb3 Bxc1 35. Bxf5 Nxf5 36. Rxc1 b5 37. Rc8+ Kg7 38. Qc3 b4 39. Qd2 Qb6 40. Qg5
Kf7 41. Qf4 Qxd4 1/2-1/2

[Event "WLS-ch"]
[Site "Ogmore-by-Sea"]
[Date "1992.04.18"]
[Round "2"]
[White "Evans, Deborah M"]
[Black "Sullivan, Jason D"]
[Result "0-1"]
[WhiteElo "1960"]
[BlackElo "2090"]
[PlyCount "88"]
[EventDate "1992.04.17"]
[EventType "swiss"]
[EventRounds "7"]
[EventCountry "WLS"]
[SourceTitle "BritBase"]
[Source "John Saunders"]
[SourceDate "2024.03.28"]
[SourceVersion "1"]
[SourceVersionDate "2024.03.28"]
[SourceQuality "1"]

1. e4 c5 2. Nf3 e6 3. d4 cxd4 4. Nxd4 Nc6 5. Nb5 d6 6. c4 Nf6 7. N1c3 a6 8. Na3
Be7 9. Be2 O-O 10. O-O Qc7 11. Be3 Rd8 12. Qb3 Nd7 13. f4 Nc5 14. Qc2 b6 15.
Rad1 Bb7 16. Bf3 Rac8 17. Nab1 Na7 18. b3 Bc6 19. g4 Qb7 20. Qg2 b5 21. g5 b4
22. Bxc5 dxc5 23. Ne2 g6 24. h4 Bf8 25. h5 Bg7 26. hxg6 hxg6 27. Rxd8+ Rxd8 28.
e5 Rd3 29. Bxc6 Qxc6 30. Ng3 Qd7 31. Ne4 Qd4+ 32. Nf2 Qe3 33. Kh1 Rd4 34. Ng4
Qd3 35. Kh2 Rd8 36. Rf2 Qxb1 37. Nf6+ Bxf6 38. gxf6 Qf5 39. Rf3 Nc6 40. Rg3 Nd4
41. Kg1 Qh5 42. Rh3 Qd1+ 43. Kh2 Nf5 44. Qg1 Qc2+ 0-1